Normal view
MARC view
Entry Topical Term
001 - CONTROL NUMBER
- control field: 6231
003 - CONTROL NUMBER IDENTIFIER
- control field: HDC
005 - DATE AND TIME OF LATEST TRANSACTION
- control field: 20230624073227.0
008 - FIXED-LENGTH DATA ELEMENTS
- fixed length control field: 210122|| aca||aabn | a|a d
040 ## - CATALOGING SOURCE
- Original cataloging agency: HDC
- Transcribing agency: HDC
150 ## - HEADING--TOPICAL TERM
- Topical term or geographic name entry element: Pharmaceutical Sectors
- Geographic subdivision: Malaysia
670 ## - SOURCE DATA FOUND
- Source citation: Work cat.: (HDC): Malaysia. Competition Commission issuing body 6230, Market Review On Priority Sector Under Competition Act 2010 : Pharmaceutical Sector, 2017
